Object- oriented programming in c++ (Record no. 201973)

MARC details
000 -LEADER
fixed length control field 00406nam a2200157Ia 4500
008 - FIXED-LENGTH DATA ELEMENTS--GENERAL INFORMATION
fixed length control field 231221s9999 xx 000 0 und d
041 ## - LANGUAGE CODE
Language code of text/sound track or separate title English
082 ## - DEWEY DECIMAL CLASSIFICATION NUMBER
Classification number 001.6424C LOF
100 ## - MAIN ENTRY--PERSONAL NAME
Personal name Lafore, Robert
245 #0 - TITLE STATEMENT
Title Object- oriented programming in c++
250 ## - EDITION STATEMENT
Edition statement 4ed
260 ## - PUBLICATION, DISTRIBUTION, ETC.
Date of publication, distribution, etc. 2002
Name of publisher, distributor, etc. Tech media,
Place of publication, distribution, etc. New delhi
300 ## - PHYSICAL DESCRIPTION
Extent xix+1012
650 ## - SUBJECT ADDED ENTRY--TOPICAL TERM
Topical term or geographic name entry element Object-,oriented,programming,c++
942 ## - ADDED ENTRY ELEMENTS (KOHA)
Koha item type College Library
Holdings
Date last seen Total checkouts Full call number Accession number Cost, total (INR) price Price effective from Category Lost status Damaged status Department Withdrawn status Home library Current library Shelving location Entry date Vendor Cost, normal purchase price Grants Billnumber Billdate Currency symbol Conversion rate Discount Old discount
26/01/2024   001.6424C LOF BC202 360.00 26/01/2024 College Library     BCA   Central Library Central Library BCA   Sapna Book House 450.00 BCA 26074 10/08/2009 RS 1 90 20

© For any Suggestions or Query, please contact the library staff @ librarian@pes.edu or Phone: +9180 2672 1983/ 2108.